000
00285nam a22001337a 4500
008
170316b xxu||||| |||| 00| 0 eng d
020
_a
9780071455503
041
_a
eng
080
_2
6TH
_a
616.8
100
_a
7
101
_a
SHM
245
_a
NEUROLOGY
_c
ANSCHEL, D.J
942
_2
udc
_c
BK
999
_c
7987
_d
7987